People born in the 1920’s Sudden Death - Statistics

General Stats
  • This quiz has been taken 18 times
  • The average score is 4 of 15
Answers on the Grid
Answers color-coded by a green-red scale on the quiz's grid according to % correct below.
Christopher Plummer
Elizabeth I
Elizabeth II
King Charles
King Edward VIII
Prince Philip
Olof Palme
Rosalyn Carter
Jimmy Carter
Mohammad Reza Pahlavi
Marilyn Monroe
John F Kennedy
Lyndon B. Johnson
Richard Milhous Nixon
Gerald Ford
MLK J.R.
Anne Frank
Hirohito
Judy Garland
Ronald Reagan
Frank Sinatra
Ella Fitzgerald
John Travolta
Julius Nyerere
Larry Bird
Louis Armstrong
Doris Day
Christopher Lee
Yitzhak Rabin
Stan Lee
 
Answer Stats
Answer % Correct
Elizabeth II
67%
Prince Philip
60%
Jimmy Carter
40%
Marilyn Monroe
33%
Christopher Plummer
27%
Doris Day
20%
MLK J.R.
20%
Stan Lee
20%
Anne Frank
13%
Christopher Lee
13%
Rosalyn Carter
13%
Judy Garland
7%
Julius Nyerere
7%
Olof Palme
7%
Yitzhak Rabin
7%
No matching quizzes found
Score Distribution
Percent of People with Each Score
Percentile by Number Answered
Your Score History
You have not taken this quiz